LIBRARY & INFORMATION CENTRE, KCAET, TAVANUR

ONLINE PUBLIC ACCESS CATALOGUE (OPAC)

രണ്ടാമുഴം (Record no. 14054)

MARC details
000 -LEADER
fixed length control field 00254nam a22000977a 4500
100 ## - MAIN ENTRY--AUTHOR NAME
Personal name എം ടി വാസുദേവൻ‌ നായർ
245 ## - TITLE STATEMENT
Title രണ്ടാമുഴം
650 ## - SUBJECT ADDED ENTRY--TOPICAL TERM
Topical Term Randamoozham
700 ## - ADDED ENTRY--PERSONAL NAME
Personal name Vasudevan Nair, M.T
942 ## - ADDED ENTRY ELEMENTS (KOHA)
Koha item type Books
Holdings
Withdrawn status Lost status Damaged status Home library Current library Shelving location Date acquired Full call number Accession Number Koha item type
      KAUAET KAUAET Fiction 02/08/2022 894.812 3 VAS/RA 21557 Books
free website counter